000 00392nam a2200145 i 4500
001 55043
003 ES-MaACL
007 t|
008 030911s1961 sp ||||1| spa d
100 1 _aDelgado, Honorio.
_943407
245 1 0 _aDe la cultura y sus artífices /
_cHonorio Delgado.
260 _aMadrid :
_bAguilar,
_c1961.
300 _a403 p. ;
_c23 cm.
852 _aES-MaACL
_jE-2474
_bR.47964
999 _c55043
_d55043